Flaggen der Regionen Kroatiens - Županije u Hrvatskoj - Statistiken

Allgemein
  • Dieses Quiz wurde 122 mal gespielt
  • Das Durchschnittsergebnis liegt bei 11 aus 21
Antwortstatistiken
Bildquiz Antwort % Korrekt
Region Zagreb - Zagrebačka županija
94%
Stadt Zagreb - Grad Zagreb
94%
Split-Dalmatien - Splitsko-dalmatinska županija
93%
Istrien - Istarska županija
81%
Dubrovnik-Neretva - Dubrovačko-neretvanska županija
75%
Osijek-Baranja - Osječko-baranjska županija
65%
Zadar - Zadarska županija
64%
Požega-Slawonien - Požeško-slavonska županija
57%
Šibenik-Knin - Šibensko-kninska županija
55%
Karlovac - Karlovačka županija
54%
Vukovar-Syrmien - Vukovarsko-srijemska županija
54%
Varaždin - Varaždinska županija
42%
Lika-Senj - Ličko-senjska županija
38%
Sisak-Moslavina - Sisačko-moslavačka županija
32%
Krapina-Zagorje - Krapinsko-zagorska županija
31%
Bjelovar-Bilogora - Bjelovarsko-bilogorska županija
28%
Brod-Posavina - Brodsko-posavska županija
27%
Primorje-Gorski kotar - Primorsko-goranska županija
26%
Međimurje - Međimurska županija
23%
Virovitica-Podravina - Virovitičko-podravska županija
22%
Koprivnica-Križevci - Koprivničko-križevačka županija
18%
Keine übereinstimmenden Quizze gefunden
Verteilung der Resultate
Anzahl Personen mit jedem Resultat
Perzentil nach korrekt beantworteten Fragen
Ihre Resultats-Entwicklung
Sie haben dieses Quiz noch nicht gespielt